Proposed Provinces of the Philippines - Statistics

General Stats
  • This quiz has been taken 42 times
  • The average score is 6 of 9
Answer Stats
Part of Proposed Province % Correct
Isabela Isabela del Norte
78%
Isabela Isabela del Sur
78%
Island of Davao Occidental Samal
75%
North of Negros Island Negros del Norte
72%
Quezon Quezon del Norte
72%
Quezon Quezon del Sur
72%
Leyte Occidental Leyte
67%
Leyte Oriental Leyte
67%
East of Lanao del Sur Maranaw
36%
No matching quizzes found
Score Distribution
Percent of People with Each Score
Percentile by Number Answered
Your Score History
You have not taken this quiz